| 000 | 00446nam a2200181Ia 4500 | ||
|---|---|---|---|
| 001 | 5274 | ||
| 005 | 20260306145856.0 | ||
| 008 | 260306t2006||||xx |||||||||||||| ||spa|| | ||
| 041 | _aESP | ||
| 082 |
_a338.5 _bF41 2006 T. 2 |
||
| 100 |
_aFernández Baca Llamosas,Jorge, 1953 _eAUT |
||
| 245 | 0 |
_aMicroeconomía: _bteoría y aplicaciones |
|
| 260 | _c2006 | ||
| 300 |
_aT. 2 : _c |
||
| 650 | _aGEN | ||
| 654 | _aCAN | ||
| 942 |
_cLIB _dJUS _fJUS _2ddc _n |
||
| 999 |
_c5274 _d5274 |
||